01071nam a2200241 i 450000100060000000300090000600500170001500700030003200800410003504000210007610000450009724502110014226000540035330000280040765000390043570000560047470000440053070000440057470000490061885200210066799900170068895201240070548028ES-MaACL20251013234626.0t|981126s1862 be ||||1| fre d aCAM bspa cCCPB1 aCrowe, Joseph Archer, d1825-189694174214aLes anciens peintres flamands b: leur vie et leurs oeuvres / cpar J. A. Crowe et G. B. Cavalcaselle ; traduit de l'anglais par O. Delepierre ; annoté et argumenté ... par Alex Pinchart et Ch. Ruelens. aBruxelles : bF. Heusner, c1862 (fEmm. Devroye) a2 t. en 1 v. ; c23 cm. 4aPintores-zPaíses Bajos.91673761 aCavalcaselle, Giovanni Battista, d1820-18979371431 aDelepierre, Octave (d1802-1879)9433681 aPinchart, Alexandre, d1823-18849920781 aRuelens, Charles-Louis (d1820-1890)9100532 aES-MaACLjG-8144 c48028d48028 001040708LIBXIXaATENEOMbATENEOMcSPP3d2008-01-17eSCl0oG-8144p1050545r2023-02-23 00:00:00w2023-02-23yMONANT